000 01035nam a2200265Ia 4500
003 OSt
005 20221005111358.0
006 a|||||r|||| 00| 0
007 ta
008 221004b |||||||| |||| 00| 0 hin d
020 _a9789350008164 (hbk (Set))
_c1500
024 _a7051
037 _b90, 05/09/2013, Vani Prakashan
_cTextual
040 _aCRL
_cCRL
_bhin
041 _2hin
_ahin
082 _aO152,3xP, Q1.1-.2
100 _aवर्मा, अर्चना, संपा.
245 0 _aलम्बी कहानियॉं
246 _aLambī kahāniyaॉan
260 _aनई दिल्ली
_bवाणी प्रकाशन भारत
_c2011
490 _vभाग 1
_aहंस के पच्चीस वर्षो (1986 से 2011) का चयन
650 _aहिन्दी साहित्य
942 _hO152,3xP, Q1.1-.2
_cTEXL
_2cc
999 _c1021661
_d1021661